| 000 | 00413nam a2200157Ia 4500 | ||
|---|---|---|---|
| 003 | GCL | ||
| 008 | 140319s9999 xx 000 0 eng d | ||
| 040 |
_aGCL / _cGCL |
||
| 082 | 0 | 4 |
_a615.954 _bD F |
| 100 | 1 | _aDOYLE,M.ELLIN | |
| 245 | 1 | 0 |
_aFOOD SAFETY 1993 / _cDOYLE,M.ELLIN |
| 700 | 1 | _aSTEINHART,CAROL E | |
| 700 | 1 | _aCOCHRANE, BARBOURA A | |
| 260 |
_a[S.N] : _bMARCEL DEKKER, INC ، _c1993 |
||
| 300 | _a658 P | ||
| 999 |
_c16381 _d16381 |
||